000 00670nam a2200229 4500
999 _c2546
_d2546
001 2546
003 BD-JhCC
005 20171104173351.0
008 171104s1375 bg |||| |||| 000 0 ben d
035 _a(BD-JhCC)2546
040 _aBD-JhCC
_dBD-JhCC
041 _aben
082 _22nd Edi.
_a891.4409
_bGUH 1375
100 _aগুহ, অশোক
245 _aঅগ্নিবীণা বাজান যিনি /
_cঅশোক গুহ.
260 _aঢাকা :
_bনওরোজ কিতাবিস্তান,
_c1375.
300 _a115 p. :
_c21 cm.
650 _aBengali Literature
650 _aAgnibina
942 _2ddc
_cBK